Hỏi đáp về luật quốc tịch Việt Nam năm 1998 /

Salvato in:
Dettagli Bibliografici
Autore principale: Nguyễn Quốc Cường (Chủ biên)
Altri autori: Nguyễn Thị Thu Vân, Triệu Thị Thu Thuỷ
Natura: Sách giấy
Lingua:Vietnamese
Pubblicazione: H. : Chính trị Quốc gia, 2001
Soggetti:
Tags: Aggiungi Tag
Nessun Tag, puoi essere il primo ad aggiungerne! !
Thư viện lưu trữ: Thư viện Trường Đại học Đà Lạt
LEADER 00890nam a2200313 4500
001 DLU030021064
003 ##DLU
005 ##20021230
008 ##021230t vn z000 vie d
040 # # |a DLU  |b vie 
041 # # |a vie 
044 # # |a vn 
082 # # |a 342.08  |b NG-C 
100 # # |a Nguyễn Quốc Cường  |e Chủ biên 
245 # # |a Hỏi đáp về luật quốc tịch Việt Nam năm 1998 /  |c Nguyễn Quốc Cường chủ biên, ... [và những người khác] 
260 # # |a H. :  |b Chính trị Quốc gia,  |c 2001 
300 # # |a 435 tr. ;  |c 21 cm 
650 # # |a Luật quốc tịch  |z Việt Nam. 
700 # # |a Nguyễn Thị Thu Vân 
700 # # |a Triệu Thị Thu Thuỷ 
992 # # |a 34500 
994 # # |a DLU 
900 # # |a True 
911 # # |a Phan Ngọc Đông 
925 # # |a G 
926 # # |a A 
927 # # |a SH 
980 # # |a Thư viện Trường Đại học Đà Lạt